| 000 | 00963nam a2200289 i 4500 | ||
|---|---|---|---|
| 001 | bg | ||
| 003 | BPK | ||
| 005 | 20220517140218.0 | ||
| 008 | 981026s1986 pl a f f |001 0 pol | ||
| 015 | _aPB 1986/6444 | ||
| 020 | _a8301024755 | ||
| 040 |
_aWA N _cBPK |
||
| 041 | 0 | _apol | |
| 080 | _a37.015.3 | ||
| 080 | _a(075.8) | ||
| 100 | 1 |
_aPrzetacznik-Gierowska, Maria _d(1920-1995) _eAutor |
|
| 245 | 1 | 0 |
_aPsychologia wychowawcza. _n[Cz.] 1 / _cMaria Przetacznikowa, Ziemowit Włodarski. |
| 250 | _aWyd. 5. | ||
| 260 |
_aWarszawa : _bPańst. Wydaw. Naukowe, _c1986. |
||
| 300 |
_a306 s. : _brys., wykr. ; _c24 cm. |
||
| 655 | 4 | _aPodręczniki akademickie | |
| 650 | 4 | _aPsychologia wychowawcza | |
| 710 | 2 |
_aPaństwowe Wydawnictwo Naukowe _4pbl. |
|
| 700 | 1 |
_aWłodarski, Ziemowit _d(1925-2014) _eAutor |
|
| 942 |
_2UKD _cKS |
||
| 856 |
_uhttp://koha.tu.koszalin.pl/cgi-bin/koha/opac-detail.pl?biblionumber=2928 _yKatalog online BPK |
||
| 999 |
_c2928 _d2928 |
||